000 00679nam a2200253Ia 4500
003 OSt
005 20220918183937.0
006 a|||||r|||| 00| 0
007 ta
008 220917b |||||||| |||| 00| 0 eng d
024 _a42,719
037 _cTextual
040 _aARTS
_cARTS
_beng
041 _2eng
_aeng
082 _aO152,1I00x, 111M4
100 _aSehdev Kumar
_964020
245 0 _aVision of Kabir
_b love poems of a 15th century weaver-sage
260 _c1984
300 _ax,244p.
_ccm.
500 _aBib 199-202p
650 _aHINDI LITERATURE
_923866
942 _hO152,1I00x, 111M4
_cTEXL
_2CC
999 _c174441
_d174441